| 000 | 00471cam a2200145 a 4500 | ||
|---|---|---|---|
| 020 | _a9971911027 (pbk.) | ||
| 040 | _cDLC | ||
| 082 | 0 | 0 | _a639 RIG 1984 A037 Or. |
| 100 | 1 | _aChia, Lin Sien. | |
| 245 | 1 | 0 | _aHigher education and marine food resources in Indonesia, Malaysia, Singapore, and Thailand / |
| 260 |
_aSingapore : _bRegional Institute of Higher Education and Development, _c1984. |
||
| 300 |
_axiii, 113 p. : _bmap ; _c24 cm. |
||
| 650 | 0 | _aFisheries | |
| 942 | _cEK | ||
| 999 |
_c11489 _d11489 |
||